Lewin's essential genes / (Record no. 37418)
[ view plain ]
| 000 -LEADER | |
|---|---|
| fixed length control field | 01467nam a2200445 a 4500 |
| 001 - CONTROL NUMBER | |
| control field | 37418 |
| 003 - CONTROL NUMBER IDENTIFIER | |
| rucl marc code | BD-RjUL |
| 005 - DATE AND TIME OF LATEST TRANSACTION | |
| control field | 20211209052616.0 |
| 008 - FIXED-LENGTH DATA ELEMENTS--GENERAL INFORMATION | |
| fixed length control field | 150112s2013 maua b 001 0 eng |
| 020 ## - INTERNATIONAL STANDARD BOOK NUMBER | |
| International Standard Book Number | 9781449644796 (pbk. w/online access code) |
| International Standard Book Number | 9781449612658 (pbk.) |
| 035 ## - SYSTEM CONTROL NUMBER | |
| System control number | (DNLM)101563968 |
| -- | (BD-RjUL)37522 |
| 040 ## - CATALOGING SOURCE | |
| Original cataloging agency | DNLM/DLC |
| Transcribing agency | DLC |
| Modifying agency | DLC |
| -- | BD-RjUL |
| Language of cataloging | eng |
| 041 ## - LANGUAGE CODE | |
| Language code of text/sound track or separate title | eng |
| 060 10 - NATIONAL LIBRARY OF MEDICINE CALL NUMBER | |
| Classification number | QU 470 |
| 082 00 - DEWEY DECIMAL CLASSIFICATION NUMBER | |
| Classification number | 576.5 |
| Edition number | 23 |
| Author mark and year | KRL 2013 |
| 100 1# - MAIN ENTRY--PERSONAL NAME | |
| Personal name | Krebs, Jocelyn E. |
| 9 (RLIN) | 114845 |
| 245 10 - TITLE STATEMENT | |
| Title | Lewin's essential genes / |
| Statement of responsibility, etc. | Jocelyn E. Krebs, Elliott S. Goldstein, Stephen T. Kilpatrick. |
| 246 1# - VARYING FORM OF TITLE | |
| Title proper/short title | Essential genes |
| 250 ## - EDITION STATEMENT | |
| Edition statement | 3rd ed. |
| 260 ## - PUBLICATION, DISTRIBUTION, ETC. (IMPRINT) | |
| Place of publication, distribution, etc. | Burlington, MA : |
| Name of publisher, distributor, etc. | Jones and Bartlett Publishers, |
| Date of publication, distribution, etc. | c2013. |
| 300 ## - PHYSICAL DESCRIPTION | |
| Pagination | xxi, 847 p. : |
| Illustrations | col. ill. ; |
| Size | 28 cm. |
| 500 ## - GENERAL NOTE | |
| General note | Condensed ed. of: Genes X / Benjamin Lewin. c2011. |
| 504 ## - BIBLIOGRAPHY, ETC. NOTE | |
| Bibliography, etc | Includes bibliographical references and index. |
| 650 #0 - SUBJECT ADDED ENTRY--TOPICAL TERM | |
| Topical term or geographic name as entry element | Genetics. |
| 9 (RLIN) | 114846 |
| Topical term or geographic name as entry element | Genes. |
| 9 (RLIN) | 114847 |
| Topical term or geographic name as entry element | Genes. |
| 9 (RLIN) | 114847 |
| Topical term or geographic name as entry element | DNA |
| General subdivision | genetics. |
| 9 (RLIN) | 114848 |
| Topical term or geographic name as entry element | Genetic Processes. |
| 9 (RLIN) | 114849 |
| Topical term or geographic name as entry element | Genome. |
| 9 (RLIN) | 114850 |
| Topical term or geographic name as entry element | Proteins |
| General subdivision | genetics. |
| 9 (RLIN) | 114851 |
| Topical term or geographic name as entry element | RNA |
| General subdivision | genetics. |
| 9 (RLIN) | 114852 |
| 700 1# - ADDED ENTRY--PERSONAL NAME | |
| Personal name | Lewin, Benjamin. |
| Personal name | Goldstein, Elliott S. |
| Personal name | Kilpatrick, Stephen T. |
| Personal name | Lewin, Benjamin. |
| 942 ## - ADDED ENTRY ELEMENTS (KOHA) | |
| Source of classification or shelving scheme | Dewey Decimal Classification |
| Koha item type | Books |
| Lost status | Source of classification or shelving scheme | Damaged status | Not for loan | Collection code | Permanent Location | Current Location | Shelving location | Date acquired | Source of acquisition | Total Checkouts | Full call number | Date last seen | Copy number | Koha item type |
|---|---|---|---|---|---|---|---|---|---|---|---|---|---|---|
| Dewey Decimal Classification | Not For Loan | Non-fiction | Institute of Biological Sciences (IBSc) Library | Institute of Biological Sciences (IBSc) Library | 12/01/2015 | HEQEP | 576.5 KRL 2013 | 12/01/2015 | C-1 | Books |